| 000 | 00912nmm a2200337 a 4500 | ||
|---|---|---|---|
| 003 | AR-BaBNM | ||
| 005 | 20251128210110.0 | ||
| 008 | 011101s1997 ||||||||||||||000 | spa|| | ||
| 020 | _a950-701-442-x | ||
| 040 | _cAR-BaBNM | ||
| 100 | 1 | _aAlfiz, Irene | |
| 245 | 1 | 0 |
_aEl proyecto educativo institucional _bpropuestas para un diseño colectivo |
| 250 | _a1ª ed. | ||
| 260 |
_aBuenos Aires _bAique _c1997 |
||
| 300 | _a166 p. | ||
| 504 | _aContiene bibliografía p. 164-166 | ||
| 650 | 4 | _aORGANIZACION ESCOLAR | |
| 650 | 4 | _aOBJETIVOS EDUCACIONALES | |
| 650 | 4 | _aNORMAS | |
| 650 | 4 | _aDIDACTICA | |
| 650 | 4 | _aEVALUACION | |
| 650 | 4 | _aPARTICIPACION | |
| 650 | 4 | _aDOCENTES | |
| 650 | 4 | _aALUMNOS | |
| 650 | 4 | _aDIAGNOSTICO EDUCACIONAL | |
| 653 | _aPROYECTO EDUCATIVO INSTITUCIONAL | ||
| 653 | _aGESTION INSTITUCIONAL | ||
| 653 | _aORGANIZACION CURRICULAR | ||
| 942 | _cBK | ||
| 998 | _cRaquel | ||
| 999 |
_c14037 _d14037 |
||